000 02950cam a2200301 4500500
005 20260208004347.0
041 _afre
042 _adc
100 1 0 _aArnstberg, Karl-Olof
_eauthor
245 0 0 _aLe moment Sigurd Erixon
260 _c2008.
500 _a31
520 _aRésuméSigurd Erixon est l’une des figures de proue de l’ethnologie suédoise de la première moitié du xxe siècle. Sa très abondante production scientifique est consacrée à la part la plus ancienne de la tradition populaire vivante ; les entretiens jouent ainsi un grand rôle dans sa recherche. Sur la base de ce travail – et d’autres documents – a été établie une cartographie de la culture populaire suédoise préindustrielle. S. Erixon et son école ont dominé l’ethnologie suédoise jusque dans les années 1960, époque où intervient un changement de paradigme qui conduit les ethnologues à s’intéresser aux communautés locales et à valoriser l’observation participante.
520 _aSigurd Erixon, the key figure in Swedish ethnology, carried out his work during the first part of the twentieth century. His abundant research dealt mostly with the oldest strata of living popular tradition. In other words, it focused on that part of the historical epoch to which access was still available through oral testimony. Along with other documentary sources, his work thus served as the basis for a mapping of pre-industrial popular culture in Sweden. S. Erixon and his school dominated Swedish ethnology up to the 1960s, when a paradigm shift caused ethnologists to turn their interests to the study of local communities and to participational observation.
520 _aZusammenfassungSigurd Erixon, die Gallionsfigur der schwedischen Ethnologie, wirkte in der ersten Hälfte des 20. Jahrhunderts. Ihre sehr fruchtbaren Forschungsarbeiten sind der ältesten noch lebendigen Volkskultur gewidmet und konzentrieren sich auf derjenigen geschichtliche Zeitspanne, die ihr noch durch Zeitzeugen zugänglich war. Auf Grundlage ihrer Arbeiten und mit Hilfe weiterer Dokumente wurde es möglich eine Kartographie der vorindustriellen schwedischen Volkskultur zu entwickeln. Sigurd Erixon und ihre Schule haben die schwedische Ethnologie bis in die 1960er dominiert, erst dann zeichnete sich ein Paradigmenwechsel ab und die Ethnologen begannen sich mehr für lokale Gemeinschaften und für die teilnehmende Beobachtung zu interessieren.
690 _acartographie
690 _amémoire populaire
690 _aobservation participante
690 _aSuède
690 _atraditions
690 _amapping
690 _aparticipational observation
690 _apopular memory
690 _aSweden
690 _atraditions
786 0 _nEthnologie française | 38 | 2 | 2008-03-04 | p. 213-219 | 0046-2616
856 4 1 _uhttps://shs.cairn.info/revue-ethnologie-francaise-2008-2-page-213?lang=fr&redirect-ssocas=7080
999 _c1649467
_d1649467